MARC

LEADER 00000nam0a2200000 4500
001 41747
005 20231031014643.0
035 |a (RuTPU)RU\TPU\book\42877 
090 |a 41747 
100 |a 20020701d1997 m y0rusy50 ca 
101 0 |a rus 
102 |a RU 
105 |a y j 001zy 
200 1 |a Аккредитация испытательных лабораторий  |e учебное пособие  |f В. Я. Белобрагин, Ю. П. Зубков, А. Г. Синотов  |g Академия стандартизации, метрологии и сертификации (учебная) Госстандарта России 
210 |a Москва  |c АСМС  |d 1997 
215 |a 142 с. 
320 |a Библиогр.: с. 135-140. 
610 1 |a организация производства 
610 1 |a продукция 
610 1 |a испытательные лаборатории 
610 1 |a аккредитация 
610 1 |a международные аспекты 
610 1 |a сертификация 
610 1 |a Россия 
610 1 |a критерии 
610 1 |a термины 
610 1 |a определения 
610 1 |a качество 
610 1 |a ответственность 
610 1 |a права 
610 1 |a обязанности 
610 1 |a документы 
610 1 |a учебные пособия 
675 |a 658.562.07(07)  |v 3 
700 1 |a Белобрагин  |b В. Я.  |g Виктор Яковлевич 
701 1 |a Зубков  |b Ю. П.  |g Юрий Павлович 
701 1 |a Синотов  |b А. Г.  |g Арий Гаврилович 
712 0 2 |a Академия стандартизации, метрологии и сертификации (учебная) Госстандарта России  |2 stltpush  |3 (RuTPU)RU\TPU\col\802 
801 1 |a RU  |b 63413507  |c 20020701  |g PSBO 
801 2 |a RU  |b 63413507  |c 20150810  |g PSBO 
900 |a Метрология, стандартизация и сертификация 
942 |c BK 
954 |b 072000